000 00328 a2200157 4500
001 170580
020 _a
040 _cMagnum
100 _aCavalcanti, Virginia
240 1 0 _aSegredo da flor-de-lis
_lpor
245 1 0 _aSegredo da flor-de-lis
362 0 _a1899
440 1 _aObjetiva
697 _aA/ROMANCE
942 _cBK
999 _c170580
_d170580